000 00420nam a2200169 a 4500
001 3475
005 20140414131926.0
008 040603s19uu xx 00 eng d
050 _aER
_bP75
245 _aPocahontas meet the character.
260 _c[n.d.].
300 _a1 v. : ill. ; cm.
440 _aDisney's Pocahontas
650 _aPowhatan Indians--Fiction.
650 _aChildren stories.
999 _c112038
_d112038